5HLuxD.jpg

KING HENRY VIII SENIOR AND PRIMARY SCHOOL LIBRARY OPAC

My first book of woodland animals / (Record no. 1587)

000 -LEADER
fixed length control field 00976pam a2200313 i 4500
001 - CONTROL NUMBER
control field 019700191
003 - CONTROL NUMBER IDENTIFIER
control field Uk
005 - DATE AND TIME OF LATEST TRANSACTION
control field 20230116075313.0
008 - FIXED-LENGTH DATA ELEMENTS--GENERAL INFORMATION
fixed length control field 191206s2020 enka j 001|0|eng|d
015 ## - NATIONAL BIBLIOGRAPHY NUMBER
National bibliography number GBC016276
Source bnb
016 7# - NATIONAL BIBLIOGRAPHIC AGENCY CONTROL NUMBER
Record control number 019700191
Source Uk
020 ## - INTERNATIONAL STANDARD BOOK NUMBER
International Standard Book Number 9781406391572 (hbk.) :
040 ## - CATALOGING SOURCE
Original cataloging agency StDuBDS
Language of cataloging eng
Transcribing agency StDuBDS
Modifying agency Uk
-- KH8
Description conventions rda
042 ## - AUTHENTICATION CODE
Authentication code ukblcatcopy
082 04 - DEWEY DECIMAL CLASSIFICATION NUMBER
Classification number 591.73 ING
Edition number 23
100 1# - MAIN ENTRY--PERSONAL NAME
Personal name Ingram, Zoë,
Relator term artist.
245 10 - TITLE STATEMENT
Title My first book of woodland animals /
Statement of responsibility, etc. illustrated by Zoë Ingram.
264 #1 - PRODUCTION, PUBLICATION, DISTRIBUTION, MANUFACTURE, AND COPYRIGHT NOTICE
Place of production, publication, distribution, manufacture London :
Name of producer, publisher, distributor, manufacturer Walker Books and Subsidiaries,
Date of production, publication, distribution, manufacture, or copyright notice 2020.
300 ## - PHYSICAL DESCRIPTION
Extent 45 pages :
Other physical details illustrations (colour) ;
Dimensions 24 cm
336 ## - CONTENT TYPE
Content type term text
Source rdacontent
336 ## - CONTENT TYPE
Content type term still image
Source rdacontent
337 ## - MEDIA TYPE
Media type term unmediated
Source rdamedia
338 ## - CARRIER TYPE
Carrier type term volume
Source rdacarrier
500 ## - GENERAL NOTE
General note "With 20 woodland creatures"--Front cover.
500 ## - GENERAL NOTE
General note Includes index.
500 ## - GENERAL NOTE
General note Formerly CIP.
Institution to which field applies Uk
650 #0 - SUBJECT ADDED ENTRY--TOPICAL TERM
Topical term or geographic name entry element Forest animals
Form subdivision Juvenile literature.
942 ## - ADDED ENTRY ELEMENTS (KOHA)
Source of classification or shelving scheme
Koha item type Books - Non Ficton
Holdings
Withdrawn status Lost status Source of classification or shelving scheme Damaged status Not for loan Collection code Permanent Location Current Location Shelving location Date acquired Total Checkouts Total Renewals Full call number Barcode Date last seen Date last checked out Price effective from Koha item type
          Non-Fiction KH8 Primary School Library KH8 Primary School Library Non Fiction 2023-01-16 26 1 591.73 ING KHPL000003350 2025-12-05 2025-11-25 2023-01-16 Books - Non Ficton

Powered By KH8 IT Dept